Statistics for Kpop 2014 Recent/Summer Songs

Click here to take the quiz!

General Stats

  • This quiz has been taken 607 times
  • The average score is 12 of 29

Answer Stats

Hint Answer % Correct
OverdoseEXO
96%
Eyes, Nose, LipsTaeyang
91%
Touch My BodySistar
90%
Short HairAOA
77%
Red Lightf(x)
77%
AGOT7
77%
HappinessRed Velvet
75%
RedHyuna
70%
DarlingGirl's Day
59%
Solo DayB1A4
58%
MamammiaKARA
57%
EternityVIXX
53%
BackInfinite
51%
Good LuckBeast
48%
Goodby byeNu'est
23%
Nice BodyHyomin
22%
I'm in LoveSecret
22%
FantasticHenry
20%
Good-Night KissHyosung
15%
PshycoHISTORY
13%
Never EverJiyeon
13%
Kiss KissLadies Code
11%
Amazing Bad LadyCross Gene
8%
One MoreFiestar
8%
Ice BabyTiny-G
8%
I Did ItSPICA
6%
Hot BabyBESTie
5%
FeverHALO
3%
Ain't NobodyHA:TEFELT
0%

Score Distribution

Percentile by Number Answered

Percent of People with Each Score

Your Score History

You have not taken this quiz